<?xml version="1.0" encoding="UTF-8"?>
<record
    xmlns:xsi="http://www.w3.org/2001/XMLSchema-instance"
    xsi:schemaLocation="http://www.loc.gov/MARC21/slim http://www.loc.gov/standards/marcxml/schema/MARC21slim.xsd"
    xmlns="http://www.loc.gov/MARC21/slim">

  <leader>06918nam a2200469Ia 4500</leader>
  <controlfield tag="001">dia_3655</controlfield>
  <controlfield tag="003">CHAP</controlfield>
  <controlfield tag="005">20250422084956.0</controlfield>
  <controlfield tag="007">ta</controlfield>
  <controlfield tag="008">220117s2006    mx ado frm    001 0 spa d</controlfield>
  <datafield tag="010" ind1=" " ind2=" ">
    <subfield code="a">174184</subfield>
  </datafield>
  <datafield tag="040" ind1=" " ind2=" ">
    <subfield code="c">CHAP</subfield>
    <subfield code="a">mxchpua</subfield>
    <subfield code="e">rda</subfield>
  </datafield>
  <datafield tag="041" ind1="0" ind2=" ">
    <subfield code="a">spa</subfield>
    <subfield code="b">eng</subfield>
  </datafield>
  <datafield tag="090" ind1=" " ind2=" ">
    <subfield code="a">Tesis </subfield>
    <subfield code="b">H48 </subfield>
    <subfield code="c">2006</subfield>
  </datafield>
  <datafield tag="100" ind1="1" ind2=" ">
    <subfield code="a">Hern&#xE1;ndez Rivero, Rub&#xE9;n</subfield>
  </datafield>
  <datafield tag="240" ind1="1" ind2="0">
    <subfield code="a">Changes in the alha activity-amylase in wheat harinero (Triticum aestivum L.) by environmental effect and its relation witjh the physical quality, reol&#xF3;gica and baker.</subfield>
    <subfield code="l">Espa&#xF1;ol</subfield>
  </datafield>
  <datafield tag="245" ind1="1" ind2="0">
    <subfield code="a">Cambios en la actividad de alfa-amilasa en trigo harinero (Triticum aestivum L.) por efecto ambiental y su relaci&#xF3;n con la calidad f&#xED;sica, reol&#xF3;gica y panadera /</subfield>
    <subfield code="c">Rub&#xE9;n Hern&#xE1;ndez Rivero</subfield>
  </datafield>
  <datafield tag="264" ind1=" " ind2=" ">
    <subfield code="a">Chapingo, M&#xE9;xico :</subfield>
    <subfield code="b">El autor,</subfield>
    <subfield code="c">2006</subfield>
  </datafield>
  <datafield tag="300" ind1=" " ind2=" ">
    <subfield code="a">viii, 113 hojas :</subfield>
    <subfield code="b">ilustraciones, gr&#xE1;ficas, diagramas, tablas, fotos</subfield>
  </datafield>
  <datafield tag="336" ind1=" " ind2=" ">
    <subfield code="2">rdacontent</subfield>
    <subfield code="a">texto</subfield>
    <subfield code="b">txt</subfield>
  </datafield>
  <datafield tag="337" ind1=" " ind2=" ">
    <subfield code="2">rdamedia</subfield>
    <subfield code="a">no mediado</subfield>
    <subfield code="b">n</subfield>
  </datafield>
  <datafield tag="338" ind1=" " ind2=" ">
    <subfield code="2">rdacarrier</subfield>
    <subfield code="a">volumen</subfield>
    <subfield code="b">nc</subfield>
  </datafield>
  <datafield tag="502" ind1=" " ind2=" ">
    <subfield code="a">Tesis </subfield>
    <subfield code="b">(Ingeniero Agroindustrial) -- </subfield>
    <subfield code="c">UACh. Departamento de Ingenier&#xED;a Agroindustrial, </subfield>
    <subfield code="d">2006</subfield>
  </datafield>
  <datafield tag="504" ind1=" " ind2=" ">
    <subfield code="a">Bibliograf&#xED;a: hojas 90-95</subfield>
  </datafield>
  <datafield tag="520" ind1="3" ind2=" ">
    <subfield code="a">El trigo de temporal que es importante en M&#xE9;xico, es aquel que se cultiva durante el ciclo primavera - verano, sin embargo, el exceso de humedad prevaleciente en este ciclo, durante la maduraci&#xF3;n del grano influye en la cantidad y tipo de enzimas amil&#xE1;sicas, sobre todo del tipo alfa-amilasa como resultado de problemas germinativos que disminuyen la calidad del mismo. Por ello la presente investigaci&#xF3;n, consisti&#xF3; en evaluar 22 genotipos (8 variedades y 14 l&#xED;neas avanzadas) de trigo harinero, sembrados en dos localidades del Estado de M&#xE9;xico (Coatepec y Juchitepec), adem&#xE1;s de 132 lineas intermedias de trigo harinero sembradas en Coatepec, Estado de M&#xE9;xico. Todas producidas bajo condiciones de temporal y con condiciones de humedad ambiental contrastantes durante la etapa de maduraci&#xF3;n del grano. Con el objetivo de identificar aquellas en las que la actividad enzim&#xE1;tica se afecta en menor medida y la asociaci&#xF3;n de &#xE9;sta con las caracteristicas fisicas del mismo y su efecto sobre las caracteristicas reol&#xF3;gicas de las masas y de panificaci&#xF3;n de las harinas. Las muestras de grano de cada genotipo de trigo, fueron sometidos a un an&#xE1;lisis f&#xED;sico, y fisiol&#xF3;gico, as&#xED; mismo la harina obtenida de las muestras de grano fue sometida a un an&#xE1;lisis quimico, enzim&#xE1;tico y reol&#xF3;gico de acuerdo con las metodolog&#xED;as propuestas por la Asociaci&#xF3;n Americana de Qu&#xED;micos Cerealeros (AACC, 1983). Para variedades y l&#xED;neas avanzadas, se utiliz&#xF3; un experimento factorial bajo un dise&#xF1;o experimental de bloques completos al azar con dos repeticiones en bloques anidados, para lineas intermedias solo se realiz&#xF3; un an&#xE1;lisis de correlaci&#xF3;n. Los resultados mostraron que el peso hectolitrico, el porcentaje de germinaci&#xF3;n y en
menor medida la dureza del grano resultan buenos indicadores de la actividad de alfa-amilasa, por lo que pueden utilizarse como par&#xE1;metros de selecci&#xF3;n. As&#xED; mismo se observ&#xF3; que en trigos de gluten fuerte y muy fuerte una elevada actividad enzim&#xE1;tica tuvo efectos positivos en el volumen de pan, en tanto que en trigos de gluten suave su efecto fue negativo, al generar masas d&#xE9;biles con menor capacidad de retenci&#xF3;n de gas. Las l&#xED;neas avanzadas 9, 10 y 15 mostrar&#xF3;n un comportamiento m&#xE1;s estable en cuanto a par&#xE1;metros de calidad f&#xED;sica, en ambos ambientes de producci&#xF3;n. De ah&#xED; que pudiera considerarse su inclusi&#xF3;n como progenitores dentro del programa de mejoramiento gen&#xE9;tico como fuentes de baja actividad de alfa-amilasa y alto peso hectolitrico. --</subfield>
  </datafield>
  <datafield tag="520" ind1="3" ind2=" ">
    <subfield code="a">The storm wheat that is important in Mexico, is that cultivated during the cycle spring summer, however, the excess of prevalent humidity in this cycle, during the maturation of the grain influences in the quantity and type of enzymes amil&#xE1;sicas, mainly of the type alpha amylase as result of germinative problems that diminish the quality of the same one. For it the present investigation, consisted on evaluating 22 genotypes (8 varieties and 14 advanced lines) of floury
wheat, fields in two towns of the State of Mexico (Coatepec and Juchitepec). besides 132 intermediate lines of floury wheat sowed in Coatepec, State of Mexico. All produced under storm conditions and with contrasting conditions of environmental humidity during the stage of maturation of the grain. With the objective of identifying those in those that the enzymatic activity is affected in smaller measure and the association of this with the physical characteristics of the
same one and its effect on the characteristic reol&#xF3;gicas of the masses and of panificaci&#xF3;n of the flours. The samples of grain of each wheat genotype were subjected to a physical, and physiologic analysis, likewise the obtained flour of the grain samples was subjected to a chemical, enzymatic analysis and agreement reol&#xF3;gico with the methodologies proposed by the American Association of Cereal Chemists (AACC, 1983). For varieties and advanced lines, a factorial experiment was used at random under an experimental design of complete blocks with two repetitions in nested blocks, for intermediate lines alone was carried out a correlation analysis. The results showed that the weight hectolitrico, the germination percentage and in smaller measure the hardness of the grain is good indicators of the alpha activity amylase, for what can be used as selection parameters. Likewise it was observed that in wheats of strong and very strong gluten a high enzymatic activity had positive goods in the volume of bread, as long as in wheats of soft gluten its effect was negative, when generating weak masses with smaller capacity of retention of gas. The advanced lines 9, 10 and 15 showed a stable behavior as for parameters of physical quality, in both environments of production. Of there that could be considered to be his incorporation as progenitors inside the program of genetic improvement as sources of low activity of alpha amylase and high weight hectolitrico.</subfield>
  </datafield>
  <datafield tag="650" ind1="1" ind2="3">
    <subfield code="a">Trigo</subfield>
    <subfield code="x">Alfa-amilasa</subfield>
    <subfield code="x">Factores ambientales  </subfield>
    <subfield code="2">atg</subfield>
  </datafield>
  <datafield tag="650" ind1="1" ind2="3">
    <subfield code="a">Trigo</subfield>
    <subfield code="x">Germinaci&#xF3;n</subfield>
    <subfield code="x">H&#xFA;medad   </subfield>
    <subfield code="2">atg</subfield>
  </datafield>
  <datafield tag="650" ind1="1" ind2="3">
    <subfield code="a">Trigo</subfield>
    <subfield code="x">Propiedades f&#xED;sicas  </subfield>
    <subfield code="2">atg</subfield>
  </datafield>
  <datafield tag="650" ind1="1" ind2="3">
    <subfield code="a">Wheat</subfield>
    <subfield code="x">Alpha-amylase</subfield>
    <subfield code="x">Environmental factors  </subfield>
    <subfield code="2">atg</subfield>
  </datafield>
  <datafield tag="650" ind1="1" ind2="3">
    <subfield code="a">Wheat</subfield>
    <subfield code="x">Germination</subfield>
    <subfield code="x">Humidity  </subfield>
    <subfield code="2">atg</subfield>
  </datafield>
  <datafield tag="650" ind1="1" ind2="3">
    <subfield code="a">Wheat</subfield>
    <subfield code="x">Physical properties</subfield>
    <subfield code="2">atg</subfield>
  </datafield>
  <datafield tag="700" ind1="1" ind2=" ">
    <subfield code="a">P&#xE9;rez Herrera, Patricia</subfield>
    <subfield code="e">directora</subfield>
  </datafield>
  <datafield tag="700" ind1="1" ind2=" ">
    <subfield code="a">Buend&#xED;a Gonz&#xE1;lez, Mar&#xED;a Ofelia</subfield>
    <subfield code="e">asesor</subfield>
  </datafield>
  <datafield tag="700" ind1="1" ind2=" ">
    <subfield code="a">Mart&#xED;nez Sol&#xED;s, Juan</subfield>
    <subfield code="e">asesor</subfield>
  </datafield>
  <datafield tag="856" ind1="4" ind2="2">
    <subfield code="u">http://10.13.5.2/tesis/104377.pdf</subfield>
    <subfield code="y">DESCARGAR PDF</subfield>
  </datafield>
  <datafield tag="901" ind1=" " ind2=" ">
    <subfield code="a">TESIS H48 2006</subfield>
  </datafield>
  <datafield tag="902" ind1=" " ind2=" ">
    <subfield code="a">M</subfield>
  </datafield>
  <datafield tag="905" ind1=" " ind2=" ">
    <subfield code="a">5232272006                          mx nm  8223123322spa16</subfield>
  </datafield>
  <datafield tag="942" ind1=" " ind2=" ">
    <subfield code="c">TESIS</subfield>
    <subfield code="2">Clasificaci&#xF3;n Universidad Aut&#xF3;noma Chapingo</subfield>
  </datafield>
  <datafield tag="999" ind1=" " ind2=" ">
    <subfield code="c">174184</subfield>
    <subfield code="d">174184</subfield>
  </datafield>
  <datafield tag="952" ind1=" " ind2=" ">
    <subfield code="0">0</subfield>
    <subfield code="1">0</subfield>
    <subfield code="2">local</subfield>
    <subfield code="4">0</subfield>
    <subfield code="5">5</subfield>
    <subfield code="7">0</subfield>
    <subfield code="8">TESIS</subfield>
    <subfield code="a">IA_</subfield>
    <subfield code="b">IA_</subfield>
    <subfield code="d">2022-01-18</subfield>
    <subfield code="e">El autor</subfield>
    <subfield code="l">0</subfield>
    <subfield code="o">Tesis H48 2006</subfield>
    <subfield code="p">1101000605</subfield>
    <subfield code="r">2026-02-02 00:00:00</subfield>
    <subfield code="t">Ej. 2</subfield>
    <subfield code="w">2022-01-18</subfield>
    <subfield code="y">TESIS</subfield>
  </datafield>
  <datafield tag="952" ind1=" " ind2=" ">
    <subfield code="0">0</subfield>
    <subfield code="1">0</subfield>
    <subfield code="2">local</subfield>
    <subfield code="4">0</subfield>
    <subfield code="5">1</subfield>
    <subfield code="7">0</subfield>
    <subfield code="8">TESIS</subfield>
    <subfield code="a">IA_</subfield>
    <subfield code="b">IA_</subfield>
    <subfield code="d">2022-01-18</subfield>
    <subfield code="e">El autor</subfield>
    <subfield code="l">0</subfield>
    <subfield code="o">Tesis H48 2006</subfield>
    <subfield code="p">1101009591</subfield>
    <subfield code="r">2026-02-02 00:00:00</subfield>
    <subfield code="t">Ej. 1</subfield>
    <subfield code="w">2022-01-18</subfield>
    <subfield code="y">TESIS</subfield>
  </datafield>
  <datafield tag="952" ind1=" " ind2=" ">
    <subfield code="0">0</subfield>
    <subfield code="1">0</subfield>
    <subfield code="2">local</subfield>
    <subfield code="4">0</subfield>
    <subfield code="7">0</subfield>
    <subfield code="8">TesDigL</subfield>
    <subfield code="a">IA_</subfield>
    <subfield code="b">IA_</subfield>
    <subfield code="c">E_L</subfield>
    <subfield code="d">2025-11-07</subfield>
    <subfield code="e">El autor</subfield>
    <subfield code="l">0</subfield>
    <subfield code="p">1201009591</subfield>
    <subfield code="r">2025-11-07 13:17:04</subfield>
    <subfield code="w">2025-11-07</subfield>
    <subfield code="y">TD</subfield>
  </datafield>
</record>
